000 02334cam a22003495i 4500
999 _c27778
_d27749
001 019111761
003 EG-ScBUE
005 20191120115428.0
008 181102s2019 enka f b 001 0 eng d
020 _z9781352002621
040 _aUk
_beng
_erda
_cUk
_dEG-ScBUE
082 0 4 _a378.170281
_bBRI
_222
100 1 _aBrick, Jean,
_eauthor.
245 1 0 _aAcademic success :
_ba student's guide to studying at university /
_cJean Brick, Nick Wilson, Deanna Wong, Maria Herke.
264 1 _aLondon :
_bRed Globe Press / Macmillan International Higher Education,
_c2019.
300 _axiii, 244 pages :
_billustrations ;
_c28 cm.
336 _atext
_btxt
_2rdacontent
337 _aunmediated
_bn
_2rdamedia
338 _avolume
_bnc
_2rdacarrier
490 0 _aMacmillan study skills
505 0 _aIntroduction.- PART 1: INTRODUCTION TO UNIVERSITY STUDY.- 1. What's Different About Academic Communication?.- 2. Students and Lecturers.- 3. Independent Learning.- PART 2: TAKING PART IN UNIVERSITY LEARNING.- 4. Academic Listening.- 5. Academic Reading.- Tutorials and Seminars.- 7. Doing Group Assignments.- PART 3: BECOMING CRITICAL.- 8. Opinions, Positions and Bias.- 9. Critical Thinking.- 10. Sources of Academic Knowledge.- PART 4: EXPRESSING YOUR VOICE AND REFERRING TO THE VOICES OF OTHERS.- 11. Voices in Academic Texts.- 12. Expressing Your Own Voice.- 13. Avoiding Plagiarism.- 14. Voices in Different Types of Text.- 15. Creating an Identity in Different Types of Text.- PART 5: WRITING ACADEMIC TEXTS.- 16. Writing in the University.- 17. Making Your Argument Flow.- 18. Writing Essays.- 19. Writing Reports.- 20. Writing Research Reports.- 21. Writing Reflective Texts.- 22. Writing Electronic Texts.- 23. Writing in Exams.- Further Reading.- Glossary.
520 _aThis hands-on book introduces students to the demands of university study in a clear and accessible way and helps them to understand what is expected of them.
650 7 _aStudy skills.
_vHandbooks, manuals, etc.
_2BUEsh
_94924
650 7 _aCollege students.
_2BUEsh
650 7 _aReport writing.
_vHandbooks, manuals, etc.
_2BUEsh
_97502
653 _bHHUUEENN
_cNovember2019
655 _vReading book
700 1 _aWilson, Nick
_c(Sociolinguist),
_eauthor.
700 1 _aWong, Deanna,
_eauthor.
700 1 _aHerke, Maria,
_eauthor.
942 _2ddc
_cBB